00421nam a2200157Ia 450000500170000000800410001702000180005805000270007610000220010324500530012526000300017830000340020844000060024252100070024852600080025520140402082407.0140130s9999 xx 000 0 und d a9781606310571 aBL 795.H46b.Ot38 2010 aOtfinoski, Steven cSteven Otfinoski.aMythlopedia All in the family bScholastic,c2010.aUSA : a126 p. :bcol. ill. ;c24 cm. v1 aG7 c880